000
00307nam a2200109Ia 4500
008
220204s9999 xx 000 0 und d
082
_a
747
_b
MOR
100
_a
Morgan, Alan
245
0
_a
How to live in style: The young colour guide to modern decoration
260
_a
London
_b
Laurie Larson
_c
1974
942
_c
BK
999
_c
30280
_d
30280